000 00426nam a2200157Ia 4500
008 230711s9999||||xx |||||||||||||| ||und||
041 _aENG
082 _a620
_bMO-H
100 _aModi,P.N
245 0 _aHydraulics and fluid mechanics including hydraulic machines
250 _a1st Ed.
260 _c1991
_aNew Delhi
_bStandard Publishing Distributors
650 _aMechanical Engineering
700 _aSeth,S M
942 _cBK
999 _c1190
_d1190